000 00773nam a2200241 a 4500
001 1569
003 BR-CuiBMT
005 20231215205301.0
008 231215s2010 mtba 000 0 por d
020 _a9788588421813
040 _aBR-CuiBMT
_cBR-CuiBMT
080 _a371.214.1
_x(817.2)
090 _a371.214.1(817.2)
_bM433o
110 1 _aMato Grosso.
_bSecretaria de Educação
245 1 0 _aOrientações curriculares :
_bdiversidades educacionais
260 _aCuiabá :
_bDefanti,
_c2010.
300 _a308 p. :
_bil. ;
_c28 cm
504 _aInclui bibliografia.
650 _aCurrículo
_vEducação básica
_zMato Grosso
650 _aDiversidade sexual
_vEducação
_zMato Grosso
650 _aRelações étnico-raciais
_zMato Grosso
942 _2udc
_cLV
999 _c1569
_d1569